=LDR 00000nam 2200000 4500 =001 NUTBA000000000002157 =005 20140605134421.0 =006 =007 =008 =020 ##$$a 979-065-042-8 =035 ##$$a 0010-061400000000100 =040 ##$$a Ind =082 ##$$a 58.311 15 =090 ##$$a 658.311 15$bSoa s =245 ##$$a Soal-soal yang sering muncul dalm tes penerimaan pegawai$cPenyunting, Widyawati oktavia =250 ##$$a Cet.1 =260 ##$$a Jakarta$bVisimedia$c2009. =300 ##$$a Ix,315 Hlm$bIlus$c21 cm =850 ##$$a NBPNMAT =990 ##$$a 21002557 =990 ##$$a 21400613/BPAP-NTB/20142014